Studia Philosophica (Record no. 39487)

MARC details
000 -LEADER
fixed length control field 00698nam a22002177a 4500
005 - DATE AND TIME OF LATEST TRANSACTION
control field 20150124124805.0
008 - FIXED-LENGTH DATA ELEMENTS--GENERAL INFORMATION
fixed length control field 130805t spu||||| |||| 00| 0 spa d
020 ## - INTERNATIONAL STANDARD BOOK NUMBER
International Standard Book Number 848317109o
050 ## - LIBRARY OF CONGRESS CALL NUMBER
Classification number B92
Item number S78 1998
100 1# - MAIN ENTRY--PERSONAL NAME
Personal name Velarde Lombraña, Julian
245 10 - TITLE STATEMENT
Title Studia Philosophica
250 ## - EDITION STATEMENT
Edition statement 1a ed.
260 ## - PUBLICATION, DISTRIBUTION, ETC. (IMPRINT)
Place of publication, distribution, etc España
Name of publisher, distributor, etc Universidad de Oviedo
Date of publication, distribution, etc 1998
300 ## - PHYSICAL DESCRIPTION
Extent 432 p ;
Dimensions 23 cm.
504 ## - BIBLIOGRAPHY, ETC. NOTE
Bibliography, etc Incluye bibliografías e índice
505 ## - FORMATTED CONTENTS NOTE
Formatted contents note v:1 Lógica y Filosfía matemática. -- v:2 Lógica y teoría de autómatas
650 #4 - SUBJECT ADDED ENTRY--TOPICAL TERM
Topical term or geographic name as entry element filosofia
General subdivision España - filosofia
700 1# - ADDED ENTRY--PERSONAL NAME
Personal name López Cerzo, José Antonio cout.
700 1# - ADDED ENTRY--PERSONAL NAME
Personal name de la Pienda, Jesús Avelino coaut.
942 ## - ADDED ENTRY ELEMENTS (KOHA)
Source of classification or shelving scheme Clasificación Decimal Dewey
Koha item type Libro
Holdings
Estado de pérdida Fuente de clasificación Estado del daño No para préstamo Ubicación permanente Ubicación actual Apartado o colección Fecha de adquisición Fuente de adquisición Clasificación Código de Barras Date last seen Número de copia Tipo de recurso
  Biblioteca del Cogreso de los Estados Unidos     Biblioteca de la Facultad de Filosofía Biblioteca de la Facultad de Filosofía General 05/08/2013   B92 S78 1998 BFF000000596 05/08/2013 V:1 C:1 Libro
  Biblioteca del Cogreso de los Estados Unidos     Biblioteca de la Facultad de Filosofía Biblioteca de la Facultad de Filosofía General 05/08/2013   B92 S78 1998 BFF000000598 16/01/2015 V:2 C:1 Libro